<?xml version="1.0" encoding="UTF-8"?>
<collection xmlns="http://www.loc.gov/MARC21/slim">
 <record>
  <leader>00381pamaa2200133   4500</leader>
  <controlfield tag="001">0000016232</controlfield>
  <controlfield tag="005">20071123090000.0</controlfield>
  <datafield tag="020" ind1="0" ind2="0">
   <subfield code="a">0192819402 </subfield>
  </datafield>
  <datafield tag="090" ind1="0" ind2="0">
   <subfield code="a">PR2822 </subfield>
   <subfield code="b">SHA 1994</subfield>
  </datafield>
  <datafield tag="100" ind1="1" ind2="0">
   <subfield code="a">Shakespeare, </subfield>
   <subfield code="d">1564-1616 </subfield>
  </datafield>
  <datafield tag="245" ind1="1" ind2="0">
   <subfield code="a">Love's labour's lost  </subfield>
   <subfield code="c">William Shakespeare ; edited by G. R. Hibbard.</subfield>
  </datafield>
  <datafield tag="260" ind1="0" ind2="0">
   <subfield code="a">Oxford: </subfield>
   <subfield code="b">O.U.P., </subfield>
   <subfield code="c">1994.</subfield>
  </datafield>
  <datafield tag="300" ind1=" " ind2=" ">
   <subfield code="a">viii, 263p.: </subfield>
   <subfield code="b">19cm.</subfield>
  </datafield>
  <datafield tag="700" ind1="1" ind2="1">
   <subfield code="a">Hibbard, </subfield>
   <subfield code="h">G.R. </subfield>
  </datafield>
 </record>
</collection>
